000
00252 a2200097 4500
082
_a
813.52 HEM
100
_a
Ernest Hemingway
_9
113467
245
_a
The Old Man and the Sea
260
_a
New Kitab Mahal
_b
Lahore
_c
2000
942
_a
NBS
_c
BK
_k
813.52 HEM
_2
ddc
999
_c
346871
_d
346871